Normal view
MARC view
- COMPUTER ENGINEERING, ELECTRONIC DIGITAL COMPUTERS
Entry Topical Term
001 - CONTROL NUMBER
- control field: 63565
003 - CONTROL NUMBER IDENTIFIER
- control field: NUST
005 - DATE AND TIME OF LATEST TRANSACTION
- control field: 20210628203135.0
008 - FIXED-LENGTH DATA ELEMENTS
- fixed length control field: 210628|| aca||aabn | a|a d
040 ## - CATALOGING SOURCE
- Original cataloging agency: NUST
- Transcribing agency: NUST
150 ## - HEADING--TOPICAL TERM
- Topical term or geographic name entry element: COMPUTER ENGINEERING, ELECTRONIC DIGITAL COMPUTERS
670 ## - SOURCE DATA FOUND
- Source citation: Work cat.: (NUST): Oklobdzija, Vojin G 63564, The computer engineering handbook, 2001
